000 00984nam a2200253 i 4500
001 124080
003 ES-MaACL
005 20260525062932.0
007 t|
008 070214s1956 sp |||| | spa d
080 _a001.891
100 1 _aRamón y Cajal, Santiago,
_d1852-1934
_9226468
240 1 4 _aLos tónicos de la voluntad
245 1 4 _aLos tónicos de la voluntad :
_breglas y consejos sobre investigación científica : discurso leído en ocasión de la recepción del autor en la Real Academia de Ciencias Exactas, Físicas y Naturales /
_cSantiago Ramón y Cajal.
250 _a7ª ed.
260 _aMadrid :
_bEspasa-Calpe,
_c1956.
300 _a201 p. ;
_c18 cm.
490 1 _aColección austral ;
_v227
650 4 _aInvestigación-
_xMetodología.
_9165440
710 2 _aReal Academia de Ciencias Exactas, Físicas y Naturales de España.
_9175635
830 1 _aColección austral
_v227
_9177655
852 4 _aES-MaACL
_jC-11949
999 _c124080
_d124080